| 000 | 01417nam0a22003131 4500 | ||
|---|---|---|---|
| 001 | rc\383782 | ||
| 005 | 20030307123851.4 | ||
| 010 |
_a5-03-000932-9 _91070 |
||
| 035 | _a(NLR Aleph) 005606403 | ||
| 090 |
_a6366963 _c6366963 |
||
| 100 | _a20030307d1989 u |0rusy50 ca | ||
| 101 | 0 | _arus | |
| 102 | _aRU | ||
| 105 | _aa ||||||||| | ||
| 200 | 1 |
_aВзаимодействие флюид-порода при метаморфизме _f[Крофорд М.Л., Ферри Дж. М., Грегори Р.Т. и др.] _gПод ред. Дж. Уолтера, Б. Вуда _gПеревод с англ. М.А. Богомолова, А.Д.Кузнецова _gПод ред. А.А. Маракушева |
|
| 210 |
_aМ. _cМир _d1989 |
||
| 215 |
_a247, [1] с. _cил. _d22 |
||
| 300 | _aАвт. указаны на обороте тит. л. | ||
| 320 | _aБиблиогр. в конце глав. | ||
| 320 | _aУказ. предм. и имен.: с. 244-247 | ||
| 320 | _aПеревод изд.: Fluid - rock interactions during metamorpphism / With contribution M.L. Crawford, J.M. Ferry, R.T. Gregory et al. (New York etc.) | ||
| 701 | 1 |
_aКрофорд _bМ. Л. |
|
| 702 | 1 |
_aМаракушев _bА. А. _gАлексей Александрович _4340 |
|
| 702 | 1 |
_aУолтер _bД. _gДж. _4340 |
|
| 801 | 0 |
_aRU _bNLR _gpsbo |
|
| 801 | 1 |
_aRU _bELAR _2rusmarc |
|
| 852 |
_aNLR _j89-5/3401 |
||
| 942 | _cBOOK | ||
| 980 | _aNB | ||